000 00707nam a22002057a 4500
005 20100806142110.0
010 _aENG-98611
020 _a9789380342078
_c90.00
035 _aEN-82144
037 _bDBAD/PUB
082 _a346.54066
100 _aSelvam, P.
_98816
245 _aElements of company law /
_cby P. Selvam
260 _aThanjavur
_bAkaram
_c2009
270 _aPlot No. 1, Nirmala Nagar
_bThanjavur
_e613007
300 _a107p.
_c21cm (pbk)
500 _aIncludes bibliographical references
942 _2ddc
_cEN
_h346.54066
_mSEL
999 _c39781
_d39781